| Tag |
First Indicator |
Second Indicator |
Subfields |
| LEADER |
00000cam a2200000 4500 |
| 001 |
in00000046166 |
| 005 |
20151007065342.0 |
| 008 |
721113s1959 enk b 00000 eng u |
| 010 |
|
|
|a 59002084
|
| 035 |
|
|
|a (OCoLC)00492741
|
| 035 |
|
|
|9 AAE1817AM
|
| 040 |
|
|
|c WSU
|d TXA
|d UtOrBLW
|
| 049 |
|
|
|a TXAM
|c [318768]
|
| 050 |
|
0 |
|a GN796.G7
|b F6
|
| 092 |
|
|
|a 571.3
|b F791, 1959
|
| 100 |
1 |
|
|a Fox, Cyril,
|c Sir,
|d 1882-1967.
|
| 245 |
1 |
0 |
|a Life and death in the bronze age ;
|b an archaeologist's fieldwork.
|
| 264 |
|
1 |
|a London :
|b Routledge and Paul,
|c [1959]
|
| 300 |
|
|
|a 193 pages
|
| 336 |
|
|
|a text
|b txt
|2 rdacontent
|
| 337 |
|
|
|a unmediated
|b n
|2 rdamedia
|
| 338 |
|
|
|a volume
|b nc
|2 rdacarrier
|
| 504 |
|
|
|a Bibliography: page 186.
|
| 650 |
|
0 |
|a Bronze age
|z Great Britain.
|
| 650 |
|
0 |
|a Mounds
|z Great Britain.
|
| 999 |
|
|
|a MARS
|
| 999 |
f |
f |
|s 52ccb456-0479-3da2-bb21-8cf42080bddc
|i fd8935f6-9c3a-36dc-ba0c-fb2dc184709e
|t 0
|
| 952 |
f |
f |
|p ric
|a Texas A&M University
|b Rellis Campus
|c Joint Library Facility
|d Remote Storage
|t 0
|e GN796.G7 F6
|h Library of Congress classification
|i unmediated -- volume
|m A14800966902
|
| 998 |
f |
f |
|a GN796.G7 F6
|t 0
|l Remote Storage
|